000 01009nam0a22003011 4500
001 v19\rc\1716508
005 20250619035513.0
035 _a(NLR Aleph) 004815124
090 _a4965494
_c4965494
100 _a20061002d1900 |||y0rusy50 ca
101 0 _arus
102 _aRU
105 _ay z |||||
200 1 _aМедицинская химия
_eСост., согласно программе полукурсовых испытаний и экзамена на звание лекаря, врачом Г.М.
210 _aМосква
_cт-во скоропеч. А.А. Левенсон
_d1900
215 _a[4], 180 с.
_d22
320 _aБиблиогр.: с. 1-2
702 0 _aГ. М.
_4220
801 0 _aRU
_bNLR
_gpsbo
801 0 _aRU
_bRuMoRGB
_2psbo
801 1 _aRU
_bProSoft-M
_2rusmarc
852 _aNLR
_j20.63.6.25
899 _aRuMoRGB
_jV 129/123
899 _aRuMoRGB
_jПриплет к U 395/163
899 _aRuMoRGB
_jU 327/220
899 _aНБ МГУ
942 _cBOOK
980 _aNB